000 01093nam a22003257a 4500
003 CHAP
005 20220329134052.0
008 971013s1980 r 00010 d
010 _a14943
011 _a15915
035 _a19992
040 _cCHAP
082 _a631.7
_bG7Y 1974
110 _aGran Bretaña. Ministry of Agriculture, Fisheries and Food
_950316
245 _aSistemas de riego
260 _aZaragoza :
_bAcribia,
_c(1980)
300 _a196 p.
_b: láms. : ilus. ; mapas ; gráfs
490 _aAcribia. Manuales de técnica agropecuaria
500 _aTrad. de la 4 ed. en inglés de 1974
590 _aBATCH-UPD
_b10
_c20130110
_lUCH01
_h1108
590 _aBATCH-UPD
_b10
_c20130410
_lUCH01
_h0659
590 _aBATCH-UPD
_b10
_c20130914
_lUCH01
_h1655
590 _aCONVERSION
_b10
_c20130109
_lUCH01
_h1309
650 1 4 _aIrrigación.
_960366
700 0 _aHogg, W. H.
_955831
830 0 _aAcribia. Manuales de tecnica agropecuaria
_9724
901 _aBK
942 _cLIBRO
949 _a631.7 G7Y 1974
_bBC
_cLIBRO
_d33724000940672
_eLIBRO
_gI.126141
_h65491
_i19992
_si
_t1900.00
999 _c14943
_d14943